La porta chiusa /
Helen Lardahl Bentley è il primo presidente donna degli Stati Uniti. Ha prestato giuramento da soli quattro mesi, e ha deciso che la sua prima visita di Stato sarà in Norvegia, il suo paese d'origine. Ma appena arrivata a Oslo, sparisce senza lasciare tracce. A indagare sul suo probabile rapimento l...
-д хадгалсан:
| Үндсэн зохиолч: | |
|---|---|
| Бусад зохиолчид: | |
| Формат: | Ном |
| Хэл сонгох: | итали |
| Хэвлэсэн: |
Torino :
Einaudi,
2009
|
| Цуврал: | Einaudi stile libero. Big
|
| Шошгууд: |
Шошго байхгүй, Энэхүү баримтыг шошголох эхний хүн болох!
|
MARC
| LEADER | 00000nam a22000007i 4500 | ||
|---|---|---|---|
| 001 | IT\ICCU\RAV\1852178 | ||
| 003 | ItRI | ||
| 005 | 20260115232042.0 | ||
| 008 | 091020s2009 it |||||| |||||1|||||c | ||
| 015 | |2 IT |a 2009-10026 | ||
| 020 | |a 9788806200084 | ||
| 040 | |b ita |c importazione bologna sebina | ||
| 041 | 7 | |a ita |2 ISO-639-2 | |
| 082 | |a 839.82374 |9 Narrativa norvegese. 1945- |2 20 | ||
| 100 | 1 | |a Holt, Anne |0 IT\ICCU\MILV\122038 |4 aut | |
| 240 | 1 | 0 | |a Presidentens valg |3 IT\ICCU\RAV\1852182 |9 Holt, Anne |
| 245 | 1 | 3 | |a La porta chiusa / |c Anne Holt ; traduzione di Giorgio Puleo. |
| 260 | |a Torino : |b Einaudi, |c 2009 | ||
| 300 | |a 430 p. ; |c 21 cm | ||
| 520 | |a Helen Lardahl Bentley è il primo presidente donna degli Stati Uniti. Ha prestato giuramento da soli quattro mesi, e ha deciso che la sua prima visita di Stato sarà in Norvegia, il suo paese d'origine. Ma appena arrivata a Oslo, sparisce senza lasciare tracce. A indagare sul suo probabile rapimento le menti migliori della polizia norvegese e dell'FBI americano. Arriva cosi anche Warren Scifford, il responsabile dell'unità di scienze comportamentali con il quale Johanne Vik ha avuto una contrastata storia d'amore. La sua presenza rischia di compromettere il delicato equilibrio di coppia di Johanne e Ingvar Stubø, ma la posta in gioco è troppo alta per tirarsi indietro. Ma ben presto si scopre che nel passato della Presidente esiste un'immensa zona d'ombra capace forse di spiegare il motivo della sua scomparsa. | ||
| 700 | 1 | |a Puleo, Giorgio |0 IT\ICCU\RAVV\105052 |4 trl | |
| 752 | |a it |d Torino | ||
| 830 | 0 | |a Einaudi stile libero. Big |0 IT\ICCU\UBO\2644799 | |
| 942 | |2 ddc |c BK |n 0 | ||
| 952 | |0 0 |1 0 |4 0 |6 L_839_823000000000000_HOL |7 0 |9 19182 |a BO |b BO |d 2026-01-15 |i 13847 |l 0 |o L 839.823 HOL |p BO13847 |r 2026-01-15 23:20:42 |w 2026-01-15 |x [Sebina 5] [1 v.] |y BK |z 1 v. | ||
| 999 | |c 16318 |d 16318 | ||